[Event "17th Izmir Open 2018"]
[Site "Izmir"]
[Date "2018.09.10"]
[Round "3.7"]
[White "Mohannad, Farhan"]
[Black "Selvi, Kaan"]
[Result "1/2-1/2"]
[WhiteElo "2201"]
[BlackElo "1810"]
[Annotator "NA"]
[PlyCount "94"]
[EventDate "2018.09.09"]
[EventType "swiss"]
[EventCountry "TUR"]
[SourceTitle "playchess.com"]
[Source "ChessBase"]
[SourceQuality "1"]
[TimeControl "5400+30"]

1. d4 Nf6 2. c4 c5 3. dxc5 e6 4. Nf3 Bxc5 5. Nc3 O-O 6. e3 Nc6 {A46: Damenbauernspiele} 7. Be2 b6 (7... e5 8. O-O d6 9. b3 Bf5 10. Bb2 Re8 11. Qd2 e4 12. Nd4 Nxd4 13. exd4 Bb6 {½-½ (52) Chernyshov,K (2530)-Okhotnik,V (2418) Heviz 2013}) 8. O-O Bb7 9. a3 Rc8 10. b4 Be7 11. Bb2 d6 $146 ({Vorgänger:} 11... Qc7 12. Qb3 Rfd8 13. Rac1 Qb8 {1-0 (31) Umstead,G-Grachev,J (2363) Dos Hermanas 2004}) 12. Qb3 Qc7 13. Rac1 Qb8 14. Rfd1 Rfd8 15. Rd2 Nd7 16. Rcd1 Nce5 17. Nd4 a6 18. f4 Ng6 19. f5 exf5 20. Nxf5 Nde5 21. Nd5 Bxd5 22. cxd5 b5 23. Bxe5 dxe5 24. d6 Bf6 25. d7 Rc7 26. Bg4 e4 27. Qd5 Ne5 28. Qxe4 Rc4 29. Nd4 Nxd7 30. Be2 Re8 31. Qf5 Rc7 32. Nxb5 axb5 33. Rxd7 Rxd7 34. Qxd7 Rxe3 35. Rc1 Re8 36. Bxb5 Rd8 37. Qf5 Qa7+ 38. Kh1 Qxa3 39. Rb1 Qc3 40. Bf1 g6 41. Qe4 Rd4 42. Qf3 Qxf3 $11 43. gxf3 Bd8 44. b5 Rd6 45. Ra1 Bb6 46. Ra8+ Kg7 47. Ra1 Rd8 1/2-1/2

[Event "17th Izmir Open 2018"]
[Site "Izmir"]
[Date "2018.09.10"]
[Round "3.8"]
[White "Uregen, Rafet"]
[Black "Grigoriev, Armen"]
[Result "*"]
[WhiteElo "1695"]
[BlackElo "2067"]
[Annotator "NA"]
[PlyCount "105"]
[EventDate "2018.09.09"]
[EventType "swiss"]
[EventCountry "TUR"]
[SourceTitle "playchess.com"]
[Source "ChessBase"]
[SourceQuality "1"]
[TimeControl "5400+30"]

1. e4 Nc6 2. d4 d5 3. e5 e6 4. Nf3 Bd7 5. c3 f6 6. Bd3 Qe7 (6... Nh6 $14) 7. Qe2 Qf7 8. a4 Nge7 9. Na3 (9. b4 $16) 9... Ng6 10. g3 Be7 11. Bd2 (11. h4 $14) 11... Na5 12. Bc2 a6 13. O-O O-O 14. Qd3 $11 Rfd8 15. b4 Nc6 16. Rfe1 fxe5 17. Nxe5 Ncxe5 18. dxe5 c5 19. f4 Rac8 20. Qf3 cxb4 21. cxb4 a5 22. Bd3 axb4 23. Nb5 Bc5+ 24. Kf1 Bxb5 25. Bxb5 Bd4 26. Rab1 Bc3 27. Bxc3 Rxc3 28. Qf2 b3 29. Kg1 Rdc8 30. Qb6 Qe7 31. Qd6 Rd8 32. Qb6 Kf7 33. Qd4 Rdc8 34. f5 Nf8 35. fxe6+ Nxe6 36. Rf1+ Kg8 37. Qxd5 Qc5+ 38. Qxc5 R8xc5 39. Rfe1 Kf7 40. Bf1 Ke7 41. Re4 Ng5 42. Rb4 Rc2 43. Rxb7+ Ke6 44. R7xb3 Kxe5 45. Re1+ Kd6 46. Bg2 Rc1 47. Rd3+ Kc7 48. Rdd1 Rxd1 49. Rxd1 Rc2 50. Rb1 Ne6 51. a5 Nc5 52. h4 Ra2 53. Rb5 *

[Event "17th Izmir Open 2018"]
[Site "Izmir"]
[Date "2018.09.11"]
[Round "5.1"]
[White "Yilmazyerli, Mert"]
[Black "Isik, Alparslan"]
[Result "1/2-1/2"]
[WhiteElo "2450"]
[BlackElo "2210"]
[Annotator "TA"]
[PlyCount "41"]
[EventDate "2018.09.09"]
[EventType "swiss"]
[EventCountry "TUR"]
[SourceTitle "playchess.com"]
[Source "ChessBase"]
[SourceQuality "1"]

{[%evp 16,17,0,7]} 1. Nf3 Nf6 2. c4 g6 3. Nc3 Bg7 4. e4 d6 5. d4 O-O 6. Be2 e5 7. dxe5 dxe5 8. Qxd8 Rxd8 9. Bg5 {LiveBook: 1725 Games} {Predecessor:} Re8 $146 10. Nd5 Nxd5 11. cxd5 c6 12. O-O cxd5 13. exd5 Nd7 14. Rfd1 Nb6 15. Rac1 e4 16. Bb5 Bd7 17. Bxd7 Nxd7 18. Nd2 Re5 19. Be3 Rxd5 20. Nxe4 Rxd1+ 21. Rxd1 {½-½ (60) Li,C (2732)-Bacrot,E (2718) Liaocheng 2018} 1/2-1/2

[Event "17th Izmir Open 2018"]
[Site "Izmir"]
[Date "2018.09.11"]
[Round "5.3"]
[White "Darban, Morteza"]
[Black "Degirmenci, Yagiz"]
[Result "1/2-1/2"]
[WhiteElo "2333"]
[BlackElo "1852"]
[Annotator "NA"]
[PlyCount "46"]
[EventDate "2018.09.09"]
[EventType "swiss"]
[EventCountry "TUR"]
[SourceTitle "playchess.com"]
[Source "ChessBase"]
[SourceQuality "1"]
[TimeControl "5400+30"]

{[%evp 15,40,28,40,0,32767,32767,36,36,43,32,43,20,22,25,32767,20,32767,18,32767,0,0,32767,32767,32767,32767,32767,-27]} 1. d4 d5 2. Bg5 Nf6 3. Bxf6 exf6 4. e3 g6 5. c4 c6 6. Nc3 dxc4 7. Bxc4 Bg7 8. Nge2 O-O 9. Nf4 {D00: 1 d4 d5: Unusual lines} Bh6 10. Qf3 Bxf4 $146 ({Predecessor:} 10... Qd6 11. O-O-O Bxf4 12. Qxf4 Qxf4 13. exf4 {½-½ (13) Nickl,K (2026)-Palmi,H (2048) Bayerisch Eisenstein 2018}) 11. Qxf4 Be6 12. Bxe6 fxe6 13. O-O Na6 14. Rfd1 Qe7 15. Rd2 Rad8 16. Rad1 Rd7 17. h4 Rfd8 18. Ne4 f5 19. Ng5 e5 20. Qg3 e4 $11 21. a3 Qd6 22. f4 h6 23. Nh3 h5 1/2-1/2

[Event "17th Izmir Open 2018"]
[Site "Izmir"]
[Date "2018.09.11"]
[Round "5.4"]
[White "Dere, Abdullah Dogukan"]
[Black "Mohannad, Farhan"]
[Result "0-1"]
[WhiteElo "1938"]
[BlackElo "2201"]
[Annotator "NA"]
[PlyCount "66"]
[EventDate "2018.09.09"]
[EventType "swiss"]
[EventCountry "TUR"]
[SourceTitle "playchess.com"]
[Source "ChessBase"]
[SourceQuality "1"]
[TimeControl "5400+30"]

1. Nf3 Nf6 2. g3 b6 3. Bg2 Bb7 4. c4 c5 5. O-O e6 6. b3 Be7 7. Bb2 O-O 8. Qc2 Nc6 9. a3 d5 10. d3 d4 11. Nbd2 Qd7 {A14: English Opening: 1...e6 with b3 by White} 12. e3 (12. Rad1 Ng4 13. h3 Nh6 14. b4 cxb4 15. axb4 Nxb4 {0-1 (87) Breahna,R (2403)-Jaworski,M (2445) ICCF email 2008}) 12... e5 $146 ({Predecessor:} 12... Rfd8 13. exd4 Nxd4 14. Nxd4 Bxg2 15. Kxg2 cxd4 16. Rfe1 Qc6+ 17. f3 Ng4 18. Nf1 Bg5 19. Bc1 Bxc1 20. Qxc1 {½-½ (36) Asikanius,K-Tolonen,I Finland 1992}) 13. exd4 exd4 14. Rfe1 Rfe8 15. Nf1 h6 16. h3 a5 17. g4 Bd6 18. Ng3 {[#]} Ne7 $1 19. Nh4 Bxg2 20. Nxg2 Ng6 21. Nf5 Bc7 22. Qd2 Qc6 23. Rxe8+ Rxe8 24. g5 hxg5 25. Qxg5 Qf3 26. Ng3 Qxd3 27. h4 Re5 28. Qc1 Qxb3 29. Rb1 Qf3 30. Qf1 $19 Nh5 31. Ne1 Qg4 32. Nd3 Nxg3 33. Nxe5 Ne2+ 0-1

[Event "17th Izmir Open 2018"]
[Site "Izmir"]
[Date "2018.09.11"]
[Round "5.5"]
[White "Taskin, Arda"]
[Black "Grigoriev, Armen"]
[Result "0-1"]
[WhiteElo "1682"]
[BlackElo "2067"]
[Annotator "NA"]
[PlyCount "124"]
[EventDate "2018.09.09"]
[EventType "swiss"]
[EventCountry "TUR"]
[SourceTitle "playchess.com"]
[Source "ChessBase"]
[SourceQuality "1"]
[TimeControl "5400+30"]

1. d4 Nf6 2. c4 e6 3. Nf3 b6 4. g3 Bb7 5. Bg2 d5 6. O-O Be7 7. Nc3 O-O 8. cxd5 exd5 9. Ne5 c6 10. Re1 Na6 {E17: Damenindisch (Hauptfortsetzung)} 11. a3 (11. Bf4 Nc7 12. Qa4 b5 13. Qc2 Ne6 14. Rad1 Bd6 15. Bh3 Qe7 16. e3 g5 17. Bxe6 gxf4 18. Bf5 fxg3 19. hxg3 Bxe5 20. dxe5 Qxe5 {1-0 (36) Wojtkiewicz,A (2575)-Murdzia,P (2410) Krynica 1997}) 11... Nc7 12. e4 Re8 $146 ({Vorgänger:} 12... c5 13. dxc5 Bxc5 14. Bg5 h6 15. Bxf6 Qxf6 16. Ng4 Qd4 17. exd5 Ne8 18. Qe2 {1-0 (51) Misiuga,A (2198)-Slizek,J (1983) Czechia 2006}) 13. exd5 Ncxd5 14. Ne4 Nxe4 15. Bxe4 g6 16. Bd2 Bf6 17. Bg2 Bg7 18. Rc1 Qd6 19. f4 f6 20. Nf3 Rxe1+ 21. Bxe1 Bf8 22. Bd2 a5 23. Qe2 Ba6 24. Qe4 Rd8 25. f5 Ne7 26. fxg6 hxg6 27. Bf4 Qd7 28. Re1 Bc4 29. Be3 Bd5 30. Qd3 Bf7 31. Qc2 Nd5 32. Bf2 Bh6 33. Nd2 Ne7 34. Nc4 Rb8 35. Nd2 Bg7 36. Qe4 Nd5 37. Qc2 Re8 38. Rxe8+ Qxe8 39. Nc4 Qd8 40. Ne3 f5 41. Nc4 Ne7 42. Ne5 Bxe5 43. dxe5 c5 44. Be3 Qd7 45. Qd2 Qxd2 46. Bxd2 Bb3 47. Bg5 Kf7 48. Kf2 Ke6 49. Ke3 Nc8 50. Kf4 b5 51. Bc6 b4 52. Be8 c4 53. axb4 ({Resist} 53. Bxg6 $6 c3 $16) 53... axb4 (53... a4 $142) 54. Bxg6 Bc2 55. g4 Nb6 $18 56. gxf5+ Kd5 57. e6 Kd6 58. Ke3 c3 59. bxc3 b3 60. Kd2 Nc4+ 61. Kc1 Bd3 62. Bf4+ Kd5 0-1

[Event "17th Izmir Open 2018"]
[Site "Izmir"]
[Date "2018.09.11"]
[Round "5.6"]
[White "Kirilmaz, Emre"]
[Black "Cilek, Bora"]
[Result "1-0"]
[WhiteElo "2017"]
[BlackElo "1955"]
[Annotator "NA"]
[PlyCount "95"]
[EventDate "2018.09.09"]
[EventType "swiss"]
[EventCountry "TUR"]
[SourceTitle "playchess.com"]
[Source "ChessBase"]
[SourceQuality "1"]
[TimeControl "5400+30"]

1. d4 Nf6 2. c3 g6 3. Bg5 Bg7 4. Nd2 d6 5. e4 Nbd7 6. Ngf3 e5 7. dxe5 dxe5 8. Bc4 O-O 9. O-O Qe7 10. Qe2 h6 11. Bh4 g5 {A48: Königsindisch (ohne c2-c4)} 12. Bg3 Nh5 13. Rfd1 $146 ({Vorgänger:} 13. h4 Nf4 {½-½ (41) Castillo Gallego,S (2170)-Del Rey,D (2350) Mancha Real 1998}) 13... Nf4 14. Qe3 Re8 15. h4 Nf8 16. hxg5 hxg5 17. Bb3 N8g6 18. Nc4 g4 (18... Bg4 $15) 19. Nh2 Bh6 20. Qe1 Nh5 21. Ne3 Nxg3 22. Nexg4 Bg5 23. fxg3 Kg7 24. Qf2 Rh8 25. Ne3 Bxe3 26. Qxe3 Rh7 27. Rd2 Be6 28. Nf3 Bg4 29. Ng5 Rh5 30. Nxf7 Rf8 31. Rf1 Be6 32. Rdf2 Bxb3 33. axb3 b6 34. b4 a6 35. Qf3 Rh7 36. Qg4 Rxf7 37. Rxf7+ Qxf7 38. Rxf7+ Kxf7 39. Qd7+ Kg8 40. Qc8+ $18 Nf8 41. Qxa6 Re7 42. Qc8 Kf7 43. Qf5+ Ke8 44. g4 Nd7 45. g5 Rf7 46. Qe6+ Re7 47. Qg8+ Nf8 48. g6 1-0

[Event "17th Izmir Open 2018"]
[Site "Izmir"]
[Date "2018.09.11"]
[Round "5.7"]
[White "Arat, Ufuk Sezen"]
[Black "Selvi, Kaan"]
[Result "1-0"]
[WhiteElo "2385"]
[BlackElo "1810"]
[Annotator "NA"]
[PlyCount "83"]
[EventDate "2018.09.09"]
[EventType "swiss"]
[EventCountry "TUR"]
[SourceTitle "playchess.com"]
[Source "ChessBase"]
[SourceQuality "1"]
[TimeControl "5400+30"]

1. d4 Nf6 2. c4 c5 3. d5 e6 4. Nc3 exd5 5. cxd5 Bd6 6. g3 O-O {A60: Benoni (Moderne Benoni-Verteidigung)} 7. Bg2 a6 (7... Re8 8. Nf3 Bf8 9. O-O d6 10. Nd2 Nbd7 11. h3 a6 12. a4 Rb8 13. a5 b5 14. axb6 Rxb6 {1-0 (41) Wojtaszek,R (2727)-Li,C (2751) Huaian 2016}) 8. a4 Qe7 9. Nf3 Bc7 10. O-O d6 11. Nd2 Nbd7 12. e4 Rb8 13. Qe2 Re8 14. h3 Qd8 $146 (14... b5 $5) 15. f4 b5 16. axb5 axb5 17. Nxb5 Nxd5 $1 18. Nxc7 (18. e5 $5 Nb4 19. Nxc7 Qxc7 20. exd6 $11) 18... Qxc7 19. e5 Bb7 20. Nc4 (20. Ra7 $11 N5b6 21. Rd1) 20... dxe5 21. Ra7 {[#]} N7b6 $16 (21... e4 $1 $15 {[%mdl 512] stays ahead.}) 22. fxe5 Nxc4 23. Qxc4 Red8 24. Bg5 Rf8 25. Qxd5 Bxd5 26. Rxc7 Bxg2 27. Kxg2 Rxb2+ 28. Rf2 Rxf2+ 29. Kxf2 f6 30. exf6 gxf6 31. Bf4 Ra8 32. Rxc5 Kg7 33. Kf3 Kg6 34. Kg4 Rf8 35. Rc6 Re8 36. Bd2 Re2 37. Bc3 Rf2 38. h4 h5+ 39. Kh3 Rf5 40. Kg2 Kf7 41. Bd4 Kg6 42. Rc5 1-0

[Event "17th Izmir Open 2018"]
[Site "Izmir"]
[Date "2018.09.11"]
[Round "5.9"]
[White "Guncan, Berke"]
[Black "Erdogan, Tekin Alp"]
[Result "1-0"]
[WhiteElo "1946"]
[BlackElo "1659"]
[Annotator "NA"]
[PlyCount "117"]
[EventDate "2018.09.09"]
[EventType "swiss"]
[EventCountry "TUR"]
[SourceTitle "playchess.com"]
[Source "ChessBase"]
[SourceQuality "1"]
[TimeControl "5400+30"]

1. d4 Nf6 2. Nf3 e6 3. g3 b6 4. Bg2 Bb7 5. O-O Be7 6. c4 O-O 7. Nc3 d6 8. Qc2 Nbd7 9. e4 e5 10. d5 Re8 {E18: Queen's Indian: Old Main Line (4 g3 Bb7 5 Bg2 Be7 6 0-0 0-0 7 Nc3)} 11. Ne1 c6 $146 ({Predecessor:} 11... Bf8 12. Nd3 g6 13. f3 Bg7 14. Be3 a5 15. b3 Qe7 16. a3 Nc5 17. Nf2 Nh5 18. b4 {1-0 (32) Lichmann,P (2314)-Kim,O (2088) Willingen 2007}) 12. dxc6 Bxc6 13. Nd3 a5 14. b3 Qc7 15. Ba3 Qb7 16. Nd5 Bxd5 17. cxd5 Rec8 18. Qe2 b5 19. f4 b4 20. Bb2 Qb5 21. Qf3 Rc2 22. fxe5 (22. Rac1 $14 Rac8 23. Rxc2 Rxc2 24. Qd1 Qb6+ 25. Kh1) 22... dxe5 23. Rac1 Rac8 24. Rxc2 Rxc2 25. Qd1 Qb6+ 26. Kh1 Qc7 27. Bh3 Bd6 28. Rf2 Rxf2 29. Nxf2 h6 30. Qe2 Qa7 31. Bxd7 Qxd7 32. Kg2 Qc7 33. Qd3 Qc5 34. Nd1 Bb8 35. Ne3 Ba7 36. Kf3 Nd7 $11 37. Qd2 f6 38. Bc1 Kf8 39. Qc2 h5 40. Qxc5+ Nxc5 41. Nc4 a4 42. Be3 axb3 43. axb3 Ke7 44. g4 hxg4+ 45. Kxg4 g6 46. h4 Kf7 47. Nd6+ Ke7 48. Nc8+ Kd7 49. Nxa7 Nxe4 50. Nc6 f5+ 51. Kf3 Kd6 52. Nxb4 Nf6 53. Ba7 Nd7 54. Ke3 f4+ 55. Kf3 Nf8 56. Bb8+ Kc5 57. Bxe5 Nd7 58. Bc3 Nb6 59. Kxf4 1-0

[Event "17th Izmir Open 2018"]
[Site "Izmir"]
[Date "2018.09.11"]
[Round "5.10"]
[White "Akbas, Umut Ata"]
[Black "Taspinar, Yanki"]
[Result "1-0"]
[WhiteElo "1617"]
[BlackElo "1961"]
[Annotator "NA"]
[PlyCount "117"]
[EventDate "2018.09.09"]
[EventType "swiss"]
[EventCountry "TUR"]
[SourceTitle "playchess.com"]
[Source "ChessBase"]
[SourceQuality "1"]
[TimeControl "5400+30"]

1. e4 e5 2. Nc3 Nf6 3. f4 d5 4. fxe5 Nxe4 5. Nf3 Be7 6. Be2 O-O 7. O-O Be6 8. d4 c5 9. Bd3 Nxc3 10. bxc3 Nc6 11. Rb1 Rb8 12. Qe1 c4 13. Be2 Bf5 14. Bd1 Bg6 15. Bf4 b6 16. Qg3 Rc8 17. Ng5 Bxg5 18. Bxg5 Qc7 19. h4 f6 20. Bxf6 Rxf6 21. Rxf6 gxf6 22. h5 fxe5 23. hxg6 exd4 24. gxh7+ Kh8 25. Qh3 Re8 26. Bh5 Rf8 27. Qe6 Qe5 28. Qxe5+ Nxe5 29. cxd4 Nc6 30. c3 Kxh7 31. Bf3 Rd8 32. Re1 Rd6 33. Kf2 Kg6 34. g4 b5 35. Bxd5 Rxd5 36. Re6+ Kg5 37. Rxc6 Kxg4 38. Ke3 Kf5 39. Ra6 Rd7 40. Ra5 Re7+ 41. Kd2 Rb7 42. a4 Ke4 43. Rxb5 Rh7 44. Re5+ Kf4 45. Kc2 Rc7 46. Kb2 Rb7+ 47. Rb5 Rc7 48. Ka3 Ke4 49. Kb4 Kd3 50. a5 Rd7 51. d5 Rf7 52. d6 Rf8 53. Rd5+ Ke4 54. Rd4+ Ke5 55. d7 Rd8 56. Kc5 Ke6 57. Kc6 Ke7 58. Kc7 a6 59. Re4+ 1-0

[Event "17th Izmir Open 2018"]
[Site "Izmir"]
[Date "2018.09.12"]
[Round "6.1"]
[White "Grigoriev, Armen"]
[Black "Yilmazyerli, Mert"]
[Result "1/2-1/2"]
[WhiteElo "2067"]
[BlackElo "2450"]
[Annotator "TA"]
[PlyCount "49"]
[EventDate "2018.09.09"]
[EventType "swiss"]
[EventCountry "TUR"]
[SourceTitle "playchess.com"]
[Source "ChessBase"]
[SourceQuality "1"]

{[%evp 31,49,-21,-12,-18,-14,-27,-14,-27,0,-22,0,0,0,0,0,0,4,0,19,-18]} 1. c4 b6 2. b3 Bb7 3. Bb2 Nf6 4. e3 e6 5. d3 d5 6. Nd2 Be7 7. Ngf3 O-O 8. Be2 c5 9. O-O Nc6 10. cxd5 Nxd5 11. a3 Bf6 12. Qc2 Rc8 {A13: Reti-Eröffnung} 13. Rac1 (13. Rfc1 h6 14. Ne4 Bxb2 15. Qxb2 Qe7 16. h3 Rfd8 17. Rc2 Rc7 18. Rac1 Rdc8 19. Ne5 f6 20. Nxc6 Bxc6 {½-½ (50) Izoria,Z (2599)-Brown,M (2506) chess.com INT 2018}) 13... Qe7 14. Qb1 Rfd8 15. Rfd1 Bxb2 16. Qxb2 Qf6 {LiveBook: 3 Partien} 17. Qxf6 Nxf6 18. Nc4 Nd5 $146 ({Vorgänger:} 18... h6 19. h3 b5 20. Nce5 Nxe5 21. Nxe5 Bd5 22. Rc3 b4 {½-½ (21) Demirbas,E (1816)-Kartal,K (2010) Antalya 2017}) 19. Kf1 Ba6 20. Nfe5 {Die Stellung ist ausgeglichen.} Nde7 21. Nxc6 Nxc6 22. Ke1 Kf8 23. f4 Ne7 24. Kf2 Nd5 25. Ra1 1/2-1/2

[Event "17th Izmir Open 2018"]
[Site "Izmir"]
[Date "2018.09.12"]
[Round "6.2"]
[White "Mammadov, Ayaz"]
[Black "Mohannad, Farhan"]
[Result "1/2-1/2"]
[WhiteElo "2411"]
[BlackElo "2201"]
[Annotator "TA"]
[PlyCount "58"]
[EventDate "2018.09.09"]
[EventType "swiss"]
[EventCountry "TUR"]
[SourceTitle "playchess.com"]
[Source "ChessBase"]
[SourceQuality "1"]

{[%evp 21,58,29,21,0,0,0,0,0,0,0,21,0,0,0,11,0,0,-47,-43,-50,-30,-50,-48,-54,-45,-50,-44,-91,-83,-75,-75,-81,-78,-94,-93,-107,-74,-114,-91]} 1. d4 Nf6 2. Bg5 Ne4 3. Bf4 d5 4. Nd2 Nxd2 5. Qxd2 Bf5 6. Nf3 e6 7. e3 Be7 8. Bd3 Bxd3 9. Qxd3 c6 10. O-O Nd7 {[%cal Bb8d7,Bd7b6,Bb6d5][%mdl 32]} 11. c4 O-O 12. b4 {A45: Trompowsky Attack} (12. h3 a5 13. Rfc1 Qb6 14. Rc2 Qa6 15. Rd1 Rfc8 16. b3 a4 17. e4 axb3 18. axb3 dxe4 19. Qxe4 Nf6 {½-½ (68) Miladinovic,I (2558)-Damljanovic,B (2544) Paracin 2013}) 12... dxc4 13. Qxc4 Nb6 14. Qb3 {The position is equal.} Qd5 15. Rfb1 $146 ({Predecessor:} 15. Qb1 Qb5 16. a3 Nd5 17. Be5 a5 18. bxa5 Rxa5 19. a4 Qa6 {½-½ (54) Mercier,J (2225)-Bex,P (2225) France 1993}) 15... a6 16. Bg3 Qxb3 17. Rxb3 Nd5 18. Rab1 f5 19. Be5 b5 20. g3 g5 {[%cal Bg7g5,Bg5g4][%mdl 32]} 21. Kg2 a5 22. bxa5 Rxa5 23. Rc1 $1 Rc8 24. Rc2 g4 $36 {[%mdl 2048] [#] Hoping for ...Nb4.Black is better. Black is really pushing.} 25. Ne1 Nb4 26. Rcb2 Nxa2 27. Nd3 Rca8 28. Rc2 R8a6 29. Bf4 Ra4 {Precision: White = 34%, Black = 60%.} 1/2-1/2

[Event "17th Izmir Open 2018"]
[Site "Izmir"]
[Date "2018.09.12"]
[Round "6.3"]
[White "Degirmenci, Yagiz"]
[Black "Guseynov, Alihan"]
[Result "1/2-1/2"]
[WhiteElo "1852"]
[BlackElo "2297"]
[Annotator "TA"]
[PlyCount "58"]
[EventDate "2018.09.09"]
[EventType "swiss"]
[EventCountry "TUR"]
[SourceTitle "playchess.com"]
[Source "ChessBase"]
[SourceQuality "1"]

{[%evp 9,58,-9,10,-3,-2,-6,0,0,0,1,2,7,0,-6,4,0,0,0,3,-1,0,0,0,-7,0,-14,-20,-23,-30,-12,0,-45,-8,-30,-22,-17,-16,-41,0,0,0,0,0,0,0,0,0,0,0,0,0]} 1. d4 Nf6 2. Nf3 c5 3. e3 g6 4. b3 Bg7 5. Bb2 O-O 6. Nbd2 {A48: 1 d4 Nf6 2 Nf3 g6: Torre, London and Colle Systems} (6. dxc5 Qa5+ 7. c3 Qxc5 8. Ba3 Qb6 9. Bxe7 Re8 10. Bxf6 Bxf6 11. Be2 Nc6 12. O-O a5 13. Nd4 d5 {1-0 (38) Nakamura,H (2769)-Mamedyarov,S (2808) Leuven 2018}) 6... cxd4 7. exd4 b6 8. g3 $146 ({Predecessor:} 8. Bd3 Bb7 9. O-O d5 10. Re1 Nc6 11. a3 Rc8 12. Ne5 Nxe5 13. dxe5 {1-0 (33) Ivanov,M (2408)-Remecki,S (2174) Novi Sad 2015}) 8... Ba6 9. Bxa6 Nxa6 10. O-O Rc8 11. a3 Qc7 12. Rc1 d5 13. Qe2 Qb7 14. c4 dxc4 15. bxc4 e6 16. Rc2 Rc7 17. Rb1 Nb8 18. a4 Qa6 19. Ra1 Nc6 20. Qf1 Rfc8 21. Bc3 Na5 22. Bxa5 Qxa5 23. Rb2 Ne8 24. Rb5 {The position is equal.} Qc3 25. c5 {[#]} Rxc5 $1 {[%mdl 512]} 26. dxc5 ({Don't blunder} 26. Rb3 $2 {[#]} Qxa1 $1 {[%mdl 512]} 27. Qxa1 Rc1+ 28. Qxc1 Rxc1+ 29. Kg2 Nd6 $19) 26... Qxa1 27. Qxa1 Bxa1 28. cxb6 axb6 29. Rxb6 Ra8 {Precision: White = 57%, Black = 54%.} 1/2-1/2

[Event "17th Izmir Open 2018"]
[Site "Izmir"]
[Date "2018.09.12"]
[Round "6.4"]
[White "Isik, Alparslan"]
[Black "Kirilmaz, Emre"]
[Result "1-0"]
[WhiteElo "2210"]
[BlackElo "2017"]
[Annotator "TA"]
[PlyCount "33"]
[EventDate "2018.09.09"]
[EventType "swiss"]
[EventCountry "TUR"]
[SourceTitle "playchess.com"]
[Source "ChessBase"]
[SourceQuality "1"]

{[%evp 15,33,15,57,50,45,43,93,63,69,49,89,54,411,455,29993,29994,29996,29997,29997,29998]} 1. d4 d5 2. c4 e6 3. Nc3 Nf6 4. Nf3 Be7 5. Bf4 O-O 6. e3 a6 7. c5 b6 8. b4 {D37: Queen's Gambit Declined: 5 Bf4} (8. cxb6 cxb6 9. Bd3 Bb7 10. O-O Nc6 11. h3 b5 12. Rc1 Rc8 13. Qe2 Qb6 14. Bg5 h6 15. Bh4 Nd7 16. Nxd5 exd5 17. Rxc6 Bxc6 18. Bxe7 {½-½ (51) Bauer,C (2633)-Apicella,M (2512) Nancy 2013}) 8... Nc6 {LiveBook: 3 Games} 9. a3 Bb7 10. Bd3 {White is slightly better.} Re8 11. O-O Nh5 12. Qc2 g6 13. Be5 f6 $146 {[%mdl 8192] [#]} (13... Ng7 $14) ({Predecessor:} 13... Ng7 14. Rfd1 Nxe5 15. Nxe5 f6 {½-½ (60) Ozturk,K (2258)-Imeeva,A (2094) Chennai 2011}) 14. Bxg6 $1 $18 {[%mdl 512]} hxg6 (14... fxe5 $18 15. Bxh5 Rf8) 15. Qxg6+ {White mates.} Ng7 {[#]} 16. Ng5 $1 {[%mdl 512]} Bxc5 (16... fxg5 17. Qxg7#) 17. Qh7+ 1-0

[Event "17th Izmir Open 2018"]
[Site "Izmir"]
[Date "2018.09.12"]
[Round "6.5"]
[White "Yildiz, Talat"]
[Black "Arat, Ufuk Sezen"]
[Result "0-1"]
[WhiteElo "1847"]
[BlackElo "2385"]
[Annotator "TA"]
[PlyCount "76"]
[EventDate "2018.09.09"]
[EventType "swiss"]
[EventCountry "TUR"]
[SourceTitle "playchess.com"]
[Source "ChessBase"]
[SourceQuality "1"]

{[%evp 17,76,71,85,-9,-12,-16,-3,-25,0,-8,37,-19,0,-35,-37,-33,-29,-108,-107,-95,-94,-63,-81,-96,-95,-108,-112,-109,-72,-159,-95,-267,-297,-412,-392,-412,-388,-416,-416,-444,-399,-416,-408,-397,-381,-506,-495,-482,-491,-499,-491,-560,-561,-553,-546,-558,-547,-606,-588,-577,-554]} 1. e4 d6 2. d4 Nf6 3. Nc3 g6 4. f3 c6 5. Be3 b5 6. Qd2 Nbd7 7. g4 Nb6 8. h4 h5 9. g5 Nfd7 10. a3 {B07: Pirc Defence: Miscellaneous Systems} (10. d5 $16 cxd5 11. Bd4 (11. exd5 b4 $15) (11. Bxb5 Bg7 $14)) (10. d5 cxd5 11. Bd4 Rg8 12. Bxb5 Bb7 13. Bxb6 Qxb6 14. Nxd5 Bxd5 15. Qxd5 Rc8 16. c4 Bg7 17. Ne2 a6 18. Bxd7+ Kxd7 {0-1 (40) Volokitin,A (2640)-Onischuk,V (2614) Lvov 2016}) 10... Bg7 $11 11. Bd3 $146 ({Predecessor:} 11. f4 Nc4 12. Bxc4 bxc4 13. Nge2 Nb6 14. Ng3 d5 15. e5 Bg4 {0-1 (37) Alexakis,G (2056)-Schitco,I (2377) Kavala 2018}) 11... a5 12. Nge2 {The position is equal.} b4 13. Nd1 c5 {[#] ...c4 is the strong threat.} 14. b3 ({Better is} 14. axb4 $14 c4 15. bxa5) 14... Bb7 15. O-O O-O 16. Nf2 Qc7 17. f4 (17. Kg2 $11 {remains equal.}) 17... c4 $36 {[%mdl 2048] Black has strong initiative.} 18. bxc4 Nxc4 19. Bxc4 Qxc4 20. axb4 axb4 21. Rxa8 Rxa8 22. Rb1 Ba6 23. Nd3 {[#]} (23. Ng3 $142) 23... Rc8 (23... Rb8 $142 $1 {White must now prevent ...b3.} 24. Rb3 e5) 24. Rc1 $2 (24. Kf2 $17 {is a better defense.}) 24... e5 $19 25. dxe5 dxe5 26. Ng3 exf4 27. Bxf4 Bc3 28. Qe2 b3 29. cxb3 Qxd3 30. Qxd3 Bxd3 31. Rd1 Bb5 {Black is clearly winning.} 32. Rd5 Bc6 33. Rd1 Be5 34. Ne2 Bxf4 35. Nxf4 Ne5 36. Rc1 Re8 37. Nd5 Bxd5 38. exd5 Rd8 {Precision: White = 24%, Black = 63%.} 0-1